000 00855nab a2200253 u 4500
001 13508
003 HDC
007 cr bn ---aaaaa
008 210213c xx dr|noo 0 a eng d
040 _aHDC
100 _aRyan, Patrick.,
_eauthor
_914301
245 0 _aMiddle East Fuji Signs Up For SIAL Middle East /
_cby Patrick Ryan
260 _a[No place] :
_b[publisher not identified],
_c[no date]
336 _atext
_2rdacontent
337 _acomputer
_2rdamedia
338 _aonline resource
_2rdacarrier
650 _aFood industry and trade
_9140
650 _aHotels
_99414
710 _aCatering News
856 _zRequest full-text at [email protected]
942 _2lcc
942 _cNEWS
942 _kNWSO 001781
999 _c10824
_d10824